| 000 | 00647nam a2200217Ii 4500 | ||
|---|---|---|---|
| 003 | JO-AjNU | ||
| 008 | 230606s9999||||xx |||||||||||||| ||und|| | ||
| 020 | _a0-13-329680-6 | ||
| 040 |
_aJO-AjNU _beng _erda _cJO-AjNU |
||
| 041 | _aeng | ||
| 050 | 1 | 4 | _aHF5635 . L48 1985 |
| 100 | 3 |
_aLewis,Richard / Firth, Michael, _eauthor _93255 |
|
| 245 | 0 | 0 | _aFoundation in Accounting 2 |
| 250 | _a2 ed | ||
| 264 | 3 | 1 | _aLondon : Pearson -Hall International,1985 |
| 300 |
_a538p _b Includes indexes(p 531-538) |
||
| 336 |
_atext _btxt _2rdacontent |
||
| 337 |
_aunmediated _bn _2rdamedia |
||
| 338 |
_avolume _bnc _2rdacarrier |
||
| 650 | 4 |
_aAccounting _93256 |
|
| 999 |
_aE1703 _c1703 _d1703 |
||